| 000 | 00376nam a22001697a 4500 | ||
|---|---|---|---|
| 005 | 20160627093334.0 | ||
| 008 | 160627b xxu||||| |||| 00| 0 eng d | ||
| 020 | _a81-7829-392-7 | ||
| 041 | _aeng | ||
| 082 | _b10333 | ||
| 100 |
_aOliver, Paul _91825 |
||
| 245 | _aWriting Your Thesis | ||
| 260 |
_bSage _c2004 |
||
| 300 | _a190 | ||
| 650 |
_aManagement _9241 |
||
| 942 | _cBK | ||
| 999 |
_c4106 _d4105 |
||